Anak rusa yang angkuh

Bibliographic Details
Main Author: Hazli Mat Saat
Format: Book
Published: Selangor : Pintar firus sdn.bhd , 2004
Series:Siri sinar murni
Subjects:

MARC

LEADER 00000cam a2200000 7i4500
001 0000074175
005 20170716.0
008 170715
020 |a 9832673186(set) 
020 |a 9832679194 
090 0 0 |a JF   |b MAL 
100 0 |a Hazli Mat Saat 
245 1 0 |a Anak rusa yang angkuh   |c Hazli Mat Saat 
260 |a Selangor :   |b Pintar firus sdn.bhd ,   |c 2004 
440 0 |a Siri sinar murni 
500 |a Children ages 7-9 years old (orange) 
650 0 |a Malay language   |x Readers   |x Fiction 
999 |a 0000014462   |b Book   |c Children Collection   |e Cawangan Taman Universiti 
999 |a 0000014463   |b Book   |c Children Collection   |e Cawangan Taman Universiti 
999 |a 0000014464   |b Book   |c Children Collection   |e Cawangan Taman Universiti